Riconosci il Pokémon - Quiz n°996 - Statistics

Statistiche generali
  • Questo quiz è stato fatto 2 volte
  • Il punteggio medio è 10 su 10
Statistiche sulle risposte
Indizio Risposta % Corretto
Altezza 0,8 m
100%
Peso 24,5 kg
100%
Tasso di cattura 45 (11.9%)
100%
Sesso 87.5% ♂, 12.5% ♀
100%
Tipo Acqua
100%
Abilità Acquaiuto; Guscioscudo
100%
Pokémon Dewott
100%
Tasso di allevamento Medio-Lento
100%
Stadio evoluzione Prima evoluzione
100%
Generazione Quinta
100%
Nessun quiz corrispondente trovato
Distribuzione punteggi
Percentuale di utenti per punteggio
Percentile per numero di risposta
I tuoi punteggi nel tempo
Non hai fatto questo quiz